Ładuje się......
Tamil chol arazhchi
| 1. autor: | |
|---|---|
| Format: | Printed Book |
| Język: | Malayalam |
| Wydane: |
Pe.Chi.Pi.Ni.Ma. Veliyittu, Madras
Pe.Chi.Pi.Ni.Ma. Veliyittu, Madras
1968
|
| LEADER | 00471nam a2200121Ia 4500 | ||
|---|---|---|---|
| 008 | 111205s9999 xx 000 0 mal d | ||
| 100 | |a Sivaracha vilai, K. | ||
| 245 | |a Tamil chol arazhchi |c Sivaracha vilai, K. | ||
| 260 | |b Pe.Chi.Pi.Ni.Ma. Veliyittu, Madras |a Pe.Chi.Pi.Ni.Ma. Veliyittu, Madras |c 1968 | ||
| 300 | |a 126 | ||
| 942 | |c BK | ||
| 999 | |c 218940 |d 218940 | ||
| 952 | |0 0 |1 0 |4 0 |6 S_12R1 |7 0 |9 241888 |a MAL |b MAL |c SEC |d 2011-12-05 |g 5.00 |l 0 |o S12R1 |p MAL21931 |r 2015-04-13 |v 5.00 |w 2015-04-13 |y BK |k 1.00 | ||